Schaum's outline of theory and problems of principles of accounting II (Record no. 57035)

MARC details
000 -LEADER
fixed length control field 01062nam a2200229 a 4500
008 - FIXED-LENGTH DATA ELEMENTS--GENERAL INFORMATION
fixed length control field 120416s1994 ||||||||||||||||| || u
020 ## - INTERNATIONAL STANDARD BOOK NUMBER
International Standard Book Number 0070375895
050 ## - LIBRARY OF CONGRESS CALL NUMBER
Classification number HF 5661 Ler
100 ## - MAIN ENTRY--PERSONAL NAME
Personal name Cashin, James A
245 10 - TITLE STATEMENT
Title Schaum's outline of theory and problems of principles of accounting II
250 ## - EDITION STATEMENT
Edition statement 4th ed.
260 ## - PUBLICATION, DISTRIBUTION, ETC.
Place of publication, distribution, etc. New York:
Name of publisher, distributor, etc. McGraw-Hill
Date of publication, distribution, etc. 1994
300 ## - PHYSICAL DESCRIPTION
Extent vii, 306p.
350 ## - PRICE (NR) (BK AM CF MU VM SE) [OBSOLETE]
Price 0.00
490 ## - SERIES STATEMENT
Series statement Schaum's outline series
500 ## - GENERAL NOTE
General note Cover title: Theory and problems of principles of accounting II. -Spine title: Principles of accounting II. -Rev. ed. of: Schaum's outline of theory and problems of acounting II / James A. Cashin and Joel J. Lerner. 3rd ed. 1989. -Includes index.
650 ## - SUBJECT ADDED ENTRY--TOPICAL TERM
Topical term or geographic name entry element TEXTBOOKS
700 ## - ADDED ENTRY--PERSONAL NAME
Personal name Lerner, Joel J
856 ## - ELECTRONIC LOCATION AND ACCESS
Uniform Resource Identifier <a href="http://www.loc.gov/catdir/toc/mh021/92046387.html">http://www.loc.gov/catdir/toc/mh021/92046387.html</a>
856 ## - ELECTRONIC LOCATION AND ACCESS
Uniform Resource Identifier <a href="http://www.loc.gov/catdir/description/mh031/92046387.html">http://www.loc.gov/catdir/description/mh031/92046387.html</a>
995 ## - RECOMMENDATION 995 [LOCAL, UNIMARC FRANCE]
-- 0.00
-- CBU-MAIN LIBRARY (Kitwe)
-- 1
-- 12.95
-- 1
-- AVAILABLE
-- Main Library Open Access Collection
Holdings
Withdrawn status Lost status Source of classification or shelving scheme Damaged status Not for loan Home library Current library Shelving location Date acquired Total Checkouts Full call number Barcode Date last seen Price effective from Koha item type
          CBU-MAIN LIBRARY, KITWE. CBU-MAIN LIBRARY, KITWE.   11/30/2022   HF 5661 Ler 021194 11/30/2022 11/30/2022 MONOGRAPH